000 00384nam a2200133Ia 4500
008 220217s9999||||xx |||||||||||||| ||und||
020 _a81-7808-507-0
082 _a660.6 ATT
100 _aAttwod, T.K Smith, Parry, D.J
245 0 _aIntruduction to bioinformatics
260 _aPearson education asia
_bNew Delhi
_c2001
300 _b160
650 _aINFORMATION SCIENCE
_91300
999 _c170740
_d170740